000 00678nam a2200277Ia 4500
005 20260324142409.0
008 008 260324s9999 xx 000 0 eng d
020 _a9781003575221
037 _aEBOOK
040 _aCRL
040 _beng
040 _cCRL
041 _2eng
041 _aeng
084 _qCRL
100 _aNail H. Ibragimov
_91211785
245 0 _aCRC Handbook of Lie Group Analysis of Differential Equations, Volume III
260 _bTaylor and Francis
260 _c1995
365 _a
365 _b120
856 _uhttp://www.taylorfrancis.com/books/9781003575221
942 _cEBOOK
999 _c1815934
_d1815934